000 00590nam a2200181Ia 4500
008 151202s9999||||xx |||||||||||||| ||und||
082 _bPNVM-3605
100 _aआपटे गुरुजी.
245 _aश्रीकृष्णाची आत्मकथा.
260 _b---
260 _c0
300 _a0
600 _aआपटे गुरुजी.
630 _aश्रीकृष्णाची आत्मकथा.
700 _aआपटे गुरुजी.
730 _aश्रीकृष्णाची आत्मकथा.
942 _cBOOK
999 _c1269603
_d1269600